<?xml version="1.0" encoding="UTF-8"?>
<marc:record xmlns:marc="http://www.loc.gov/MARC21/slim">
   <marc:leader>00000nam a2200000 a 4500</marc:leader>
   <marc:datafield ind1=" " ind2=" " tag="653">
      <marc:subfield code="a">Geschichten</marc:subfield>
   </marc:datafield>
   <marc:datafield ind1=" " ind2=" " tag="653">
      <marc:subfield code="a">David</marc:subfield>
   </marc:datafield>
   <marc:datafield ind1=" " ind2=" " tag="653">
      <marc:subfield code="a">Gottsuche</marc:subfield>
   </marc:datafield>
   <marc:datafield ind1=" " ind2=" " tag="653">
      <marc:subfield code="a">Gott</marc:subfield>
   </marc:datafield>
   <marc:datafield ind1=" " ind2=" " tag="653">
      <marc:subfield code="a">Gottesbeziehung</marc:subfield>
   </marc:datafield>
   <marc:datafield ind1=" " ind2=" " tag="653">
      <marc:subfield code="a">Kindergebet</marc:subfield>
   </marc:datafield>
   <marc:datafield ind1=" " ind2=" " tag="653">
      <marc:subfield code="a">Laura</marc:subfield>
   </marc:datafield>
   <marc:datafield ind1="0" ind2="0" tag="245">
      <marc:subfield code="a">Laura, David und der liebe Gott</marc:subfield>
   </marc:datafield>
   <marc:datafield ind1=" " ind2="1" tag="264">
      <marc:subfield code="b">Katholische Kirche in OÖ.</marc:subfield>
      <marc:subfield code="c">2009</marc:subfield>
   </marc:datafield>
   <marc:datafield ind1="1" ind2=" " tag="520">
      <marc:subfield code="a">Das Büchlein lädt Sie und Ihr Kind ein, gemeinsam mit Laura und David den Spuren Gottes im Alltag nachzugehen. Genauso wie Erwachsene stellen auch Kinder Fragen nach dem Woher, Wohin und Wozu unseres Lebens. Die Geschichten möchten Sie ermutigen, gemeinsam mit Ihrem Kind ganz persönliche Antworten zu finden. So unterstützen Sie Ihr Kind ganz persönliche Antworten zu finden. So unterstützen Sie Ihr Kind auf seiner Suche nach einer tragfähigen Gottes-Beziehung. Wir ChristInnen finden Halt im Glauben an Gott als den tragenden Grund unseres Lebens. Voraussetzung dafür ist das Wissen und die Erfahrung, von Gott geliebt, gewollt und begleitet zu sein. (www.glaubenswert.at)</marc:subfield>
   </marc:datafield>
</marc:record>
